000 00290nam a22001337a 4500
008 181023b xxu||||| |||| 00| 0 eng d
020 _a9780844259185
041 _aeng
080 _a316
100 _a50
101 _aSOC
245 _aA World of Diversity
_cEvans,F.B
942 _2udc
_cBK
999 _c50585
_d50585